000 00288nam a22001337a 4500
008 181006b xxu||||| |||| 00| 0 eng d
020 _a9780764142567
041 _aeng
080 _a330.722
100 _a61
101 _aKON
245 _aE-Z Accounting
_cEisen, P.J
942 _2udc
_cBK
999 _c48943
_d48943